000 00548nam a2200169 4500
001 138817
003 ES-MaACL
005 20230906195637.0
007 t|
008 070214s1940 sp r ||||1| spa d
100 1 _aSantos Ruiz, Angel.
_9103531
245 1 0 _aHormonas /
_cprof. Dr. Angel Santos Ruiz ; prólogo del Dr. A. de G. Rocasolano.
260 _aMadrid :
_bS. A. E. T. A.,
_c1940 (
_fNuevas Gráficas)
300 _a328 p., 1 lám. ;
_c25 cm.
700 1 _aGregorio Rocasolano, Antonio de.
_959907
852 _aES-MaACL
_jE-1036
_bR.18564
999 _c138817
_d138817